Answers Contain "Bubble" 🫧 - Statistics

General Stats
  • This quiz has been taken 214 times
    28 since last reset
  • The average score is 6 of 11
Answer Stats
Hint Answer % Correct
Fun way to get clean bubble bath
100%
Flavored substance designed to be inflated out of the mouth bubble gum
93%
Popular drink originating from Taiwan bubble tea
89%
Poppable material used for packing fragile items bubble wrap
89%
Used to show dialogue in comics speech bubble
64%
Stock market bubble in the late 1990s dot-com bubble
50%
1986 video game: Two dragons trap enemies in bubbles Bubble Bobble
36%
1987 Paul Simon song from Graceland The Boy in the Bubble
29%
Brand of bubble gum introduced in 1975 Bubble Yum
25%
Tin Pan Alley hit, Vera Lynn song, West Ham United anthem I'm {Forever} {Blowing} Bubbles
25%
2001 comedy with Jake Gyllenhaal in the title role Bubble Boy
21%
No matching quizzes found
Score Distribution
Percent of People with Each Score
Percentile by Number Answered
Your Score History
You have not taken this quiz since the last reset